| 000 | 00000nam##2200000za#4500 |
| 001 | 9.698639 |
| 003 | CaOODSP |
| 005 | 20210625000024 |
| 007 | cr ||||||||||| |
| 008 | 150407|2009||||xxc|||||o f|0| 0 eng|d |
| 040 | |aCaOODSP|beng |
| 043 | |an-cn--- |
| 086 | 1 |aA59-7/2009E-PDF |
| 110 | 1 |aCanada.|bAgriculture and Agri-Food Canada. |bPest Management Centre. |
| 245 | 10|aPesticide use and pest management practices of Canadian carrot growers : |h[electronic resource]|bfindings of the 2005 Crop Protection Survey conducted by Statistics Canada, Agriculture Division on behalf of AAFC-Pest Management Centre, Pesticide Risk Reduction Program |
| 260 | |aOttawa - Ontario : |bAgriculture and Agri-Food Canada. |cDecember 2009. |
| 300 | |a43p.|bgraphs, tables |
| 590 | |a14-03-Supp|b2014-01-17 |
| 690 | 07|aAgriculture|2gcpds |
| 690 | 07|aCarrots|2gcpds |
| 690 | 07|aPesticides|2gcpds |
| 775 | 08|tUtilisation de pesticides et pratiques de lutte antiparasitaire des producteurs de carottes canadiens : |w(CaOODSP)9.642691 |
| 856 | 40|ahttp://publications.gc.ca|qPDF|s478 KB|uhttps://publications.gc.ca/collections/collection_2013/aac-aafc/A59-7-2009-eng.pdf |